000 00634nam a2200217Ia 4500
003 GCL
008 140319s9999 xx 000 0 ara d
040 _aGCL /
_cGCL
082 0 4 _a658
_bش ا
100 1 _aشوقى حسين عبدالله
245 1 0 _aاصول الادارة /
_cشوقى حسين عبدالله
260 _a[S.N] :
_bدار النهضة العربية ،
_c1993
300 _a497 ص
490 _a
650 0 4 _aالتخطيط
650 0 4 _aالادارة العامة
650 0 4 _aالرقابة
650 0 4 _aالادارة العليا
650 0 4 _aاتخاذ القرارات
942 _2ddc
_cBK
999 _c36824
_d36824